Chile-Unión Europea: Cómo aprovechar el acuerdo?: acuerdo de Asociación Política Económica y de Cooperación
Bewaard in:
| Hoofdauteur: | |
|---|---|
| Formaat: | Boek |
| Taal: | Spaans |
| Gepubliceerd in: |
Santiago
LexisNexis
2003
|
| Editie: | 1a. ed |
| Onderwerpen: | |
| Tags: |
Voeg label toe
Geen labels, Wees de eerste die dit record labelt!
|
MARC
| LEADER | 00000nam a2200000 a 4500 | ||
|---|---|---|---|
| 001 | UCK5212 | ||
| 003 | CL-VaPUC | ||
| 008 | 050715e20030000CL |||||||||||||||||spa|d | ||
| 020 | |a 9562384071 | ||
| 082 | 0 | 4 | |a 341.7543 |b BAI |2 21 |
| 100 | 0 | |a Baierlein Hermida, Hugo |e author |9 493928 | |
| 245 | 1 | 0 | |a Chile-Unión Europea: Cómo aprovechar el acuerdo?: acuerdo de Asociación Política Económica y de Cooperación |
| 250 | |a 1a. ed | ||
| 300 | |a 276 p | ||
| 942 | |c BK | ||
| 945 | |d 20050715 00:00:00 |a cmena | ||
| 260 | |a Santiago |b LexisNexis |c 2003 | ||
| 600 | 0 | 7 | |a UNION EUROPEA |2 CL-VaPUC |9 320734 |
| 650 | 0 | |a Derecho internacional |9 255637 | |
| 650 | 0 | |a Cooperación internacional |9 255447 | |
| 650 | 0 | |a Tratados internacionales |9 256056 | |
| 650 | 0 | |a Derecho aduanero |9 324531 | |
| 650 | 0 | |a Jurisprudencia |9 255952 | |
| 650 | 0 | |a Libre comercio |9 323018 | |
| 650 | 7 | |a COMERCIO INTERNACIONAL |2 CL-VaPUC |9 493929 | |
| 651 | 7 | |a CHILE |2 CL-VaPUC |9 493930 | |
| 651 | 0 | |a Europa |9 255156 | |
| 583 | |a last modification |c 20150327 11:45:14 |k Rodrigo Vera | ||
| 999 | |c 313844 |d 313842 | ||
| 952 | |0 0 |1 0 |4 0 |6 341_754300000000000_BAI_2003 |7 0 |8 A |9 385552 |a BIBDER |b BIBDER |d 2019-11-22 |i 4147294 |o 341.7543 BAI 2003 |p 4147294 |r 2023-01-25 |w 2019-11-22 |y BK |k DER | ||
| 952 | |0 0 |1 0 |4 0 |6 341_754300000000000_BAI_2003 |7 0 |8 A |9 385553 |a BIBDER |b BIBDER |d 2019-11-22 |i 4147308 |l 3 |m 5 |o 341.7543 BAI 2003 |p 4147308 |q 2025-12-31 |r 2020-03-26 |s 2020-03-26 |w 2019-11-22 |y BK |k DER | ||
| 952 | |0 0 |1 0 |4 0 |6 341_754300000000000_BAI_2003 |7 0 |8 A |9 385554 |a BIBDER |b BIBDER |d 2019-11-22 |i 4226879 |o 341.7543 BAI 2003 |p 4226879 |r 2023-01-25 |w 2019-11-22 |y BK |k DER | ||